00615nam a2200193Ia 4500003000900000008004100009020001800050040001600068080002200084100001800106245006800124260004200192300001400234490005000248650002800298650002600326650002600352650004300378IN-BaIIA211028s9999 xx 000 0 eng d a90-277-0279-9 cIIA Library a52(082.1)bASS-34 aKourganoff, V 0aIntroduction to the physics of stellar interiorscV. Kourganoff aDordrechtbD. Reidel Publishingc1973 axi, 115p. aAstrophysics and space science library; v. 34 a Steddllar interiors  a Stellar atomspheres a Stellar structure  aAstronomy and astrophysics thesaurus